00580nam a2200145Ia 4500008004100000082001900041100002700060245002600087260004900113630001800162650010900180942000900289952011900298999001700417211109s9999||||xx |||||||||||||| ||und|| a891.431bTIW-N aTiwari, Santhosh Kumar 0aNaye Kavi: Ek Adhyana bBharathiya Grantha NekathanaNew Delhic1991 xgeneral stack aLiterature & rhetoricvLiteratures of other languagesx East Indo-European & Celtic literaturesGeneralia cBOOK 00102ddc4070aSBCLbSBCLc2d2021-11-09g100.00o891.436 TIW-Np00095969r2021-11-09 00:00:00w2021-11-09yBOOK c53684d53684